[Event "LAT-ch"]
[Site "Riga"]
[Date "2022.05.04"]
[Round "9"]
[White "Starostits, Ilmars"]
[Black "Dzjuba, Vsevolod"]
[Result "1-0"]
[WhiteElo "2427"]
[BlackElo "2077"]
[PlyCount "49"]
[EventDate "2022.04.27"]
[EventType "swiss"]
[EventRounds "9"]
[EventCountry "LAT"]
[SourceTitle "CBM 208 Extra"]
[Source "ChessBase"]
[SourceDate "2022.07.31"]
[SourceVersion "1"]
[SourceVersionDate "2022.07.31"]
[SourceQuality "1"]

1. Nf3 Nf6 2. b3 d6 3. Bb2 e5 4. c4 g6 5. g3 Bg7 6. Bg2 0-0 7. 0-0 Nbd7 8. Nc3 Re8 9. Qc2 a5 10. d4 exd4 11. Nxd4 c6 12. Rad1 Nc5 13. Ba3 Nfd7 14. Nxc6 bxc6 15. Rxd6 Qe7 16. Rfd1 Nb7 17. Bxc6 Rb8 18. Bxd7 Bxd7 19. Nd5 Qf8 20. Rxg6 hxg6 21. Bxf8 Kxf8 22. Qc1 Rxe2 23. Nf4 Bb2 24. Nxg6+ fxg6 25. Qf4+ 1-0

[Event "LAT-chT"]
[Site "Riga"]
[Date "2019.10.12"]
[Round "7.1"]
[White "Dzjuba, Vsevolod"]
[Black "Bagatais, Janis"]
[Result "1-0"]
[WhiteElo "2160"]
[BlackElo "1803"]
[PlyCount "101"]
[EventDate "2019.02.16"]
[EventType "team-tourn"]
[EventRounds "9"]
[EventCountry "LAT"]
[SourceTitle "EXT 2020"]
[Source "ChessBase"]
[SourceDate "2019.10.17"]
[SourceVersion "1"]
[SourceVersionDate "2019.10.17"]
[SourceQuality "1"]
[WhiteTeam "Termo Eko/RSF"]
[BlackTeam "RTU/Juniors"]
[WhiteTeamCountry "LAT"]
[BlackTeamCountry "LAT"]

1. e4 e5 2. Nf3 Nc6 3. Bb5 a6 4. Ba4 Nf6 5. 0-0 Be7 6. Re1 0-0 7. Bxc6 dxc6 8. Nxe5 c5 9. d3 Nd7 10. Nxd7 Bxd7 11. Nc3 c6 12. Be3 f5 13. Qd2 b5 14. Rad1 Rf7 15. d4 f4 16. Bxf4 Bg4 17. Ne2 Bxe2 18. Rxe2 cxd4 19. Be5 c5 20. c3 dxc3 21. Bxc3 Qb6 22. Ba5 Qg6 23. f4 Qg4 24. Rf1 Ra7 25. h3 Qc8 26. Qd5 Rd7 27. Qe6 Kf8 28. e5 c4 29. Kh2 Rd8 30. Qxc8 Rxc8 31. f5 Bc5 32. e6 Rb7 33. Rd1 Be7 34. Rd7 Rxd7 35. exd7 Ra8 36. g4 Kf7 37. Kg2 g6 38. Kf3 gxf5 39. gxf5 Rg8 40. Re6 Bd8 41. Rxa6 Bxa5 42. Rxa5 Ke7 43. Rxb5 Kxd7 44. a4 Kd6 45. a5 Ra8 46. Kf4 Kc6 47. Rb6+ Kd5 48. a6 Kc5 49. Re6 Ra7 50. Ke5 h5 51. f6 1-0

[Event "LAT-ch"]
[Site "Riga"]
[Date "2019.04.29"]
[Round "1"]
[White "Starostits, Ilmars"]
[Black "Dzjuba, Vsevolod"]
[Result "1-0"]
[WhiteElo "2457"]
[BlackElo "2178"]
[PlyCount "83"]
[EventDate "2019.04.29"]
[EventType "swiss"]
[EventRounds "9"]
[EventCountry "LAT"]
[SourceTitle "CBM 190 Extra"]
[Source "ChessBase"]
[SourceDate "2019.07.15"]
[SourceVersion "1"]
[SourceVersionDate "2019.07.15"]
[SourceQuality "1"]

1. d4 Nf6 2. Nf3 g6 3. Nc3 d5 4. Bf4 c5 5. dxc5 Nc6 6. e4 Nh5 7. exd5 Nxf4 8. dxc6 bxc6 9. Qxd8+ Kxd8 10. Ne5 Kc7 11. Nxf7 Rg8 12. g3 Ne6 13. Bc4 Bg7 14. 0-0-0 Rf8 15. Bxe6 Bxe6 16. Ng5 Bg8 17. Rhe1 Rae8 18. Nge4 Bxc3 19. Nxc3 Rxf2 20. Ne4 Rff8 21. Rd4 Rd8 22. Ra4 Kb8 23. Rb4+ Kc7 24. b3 Rd7 25. Ra4 Kb8 26. Ng5 Rf2 27. Rf4 Rxf4 28. gxf4 Kc8 29. c4 Rb7 30. Kc2 Kd7 31. Kc3 a5 32. a3 Ra7 33. Rd1+ Kc8 34. Rd3 Rb7 35. Rh3 e6 36. Rd3 Re7 37. Nf3 Bf7 38. Ne5 Be8 39. Rd6 Kc7 40. b4 axb4+ 41. axb4 h6 42. h4 1-0

[Event "Olaine rapid op"]
[Site "Olaine"]
[Date "2018.11.25"]
[Round "5"]
[White "Dzjuba, Vsevolod"]
[Black "Neiksans, Arturs"]
[Result "0-1"]
[WhiteElo "2238"]
[BlackElo "2553"]
[PlyCount "60"]
[EventDate "2018.11.25"]
[EventType "swiss (rapid)"]
[EventRounds "9"]
[EventCountry "LAT"]
[SourceTitle "CBM 187 Extra"]
[Source "ChessBase"]
[SourceDate "2018.11.04"]
[SourceVersion "1"]
[SourceVersionDate "2018.11.04"]
[SourceQuality "1"]

1. e4 c5 2. Nf3 e6 3. d4 cxd4 4. Nxd4 Nc6 5. Nc3 a6 6. g3 d6 7. Bg2 Bd7 8. 0-0 Be7 9. Re1 Nf6 10. a4 0-0 11. h3 Qc7 12. Nb3 Ne5 13. a5 Nc4 14. Qe2 Rac8 15. g4 g6 16. h4 Ne8 17. h5 g5 18. Nd2 Ne5 19. Nf3 h6 20. Nxe5 dxe5 21. Rd1 Nf6 22. Be3 Bc5 23. f3 Rfd8 24. Bf1 Be8 25. Kf2 Bxe3+ 26. Qxe3 Rxd1 27. Rxd1 Qxa5 28. Qa7 Qb4 29. Bd3 Qxb2 30. Na4 Bxa4 0-1

[Event "Olaine rapid op"]
[Site "Olaine"]
[Date "2018.11.25"]
[Round "6"]
[White "Smorodinskis, Igors"]
[Black "Dzjuba, Vsevolod"]
[Result "1/2-1/2"]
[WhiteElo "2209"]
[BlackElo "2238"]
[PlyCount "79"]
[EventDate "2018.11.25"]
[EventType "swiss (rapid)"]
[EventRounds "9"]
[EventCountry "LAT"]
[SourceTitle "CBM 187 Extra"]
[Source "ChessBase"]
[SourceDate "2018.11.04"]
[SourceVersion "1"]
[SourceVersionDate "2018.11.04"]
[SourceQuality "1"]

1. d4 Nf6 2. c4 g6 3. Nc3 d5 4. cxd5 Nxd5 5. e4 Nxc3 6. bxc3 Bg7 7. Bc4 c5 8. Ne2 0-0 9. 0-0 Nc6 10. Be3 Qc7 11. Rc1 b6 12. Qa4 e6 13. Qa3 Bb7 14. Rfd1 Na5 15. Bd3 Rac8 16. Bf4 e5 17. Bg3 Qe7 18. d5 f5 19. f3 Rcd8 20. c4 Bc8 21. Bf2 h5 22. Nc3 h4 23. Rf1 Bh6 24. Rcd1 Bf4 25. Ne2 Bg5 26. Qc3 Nb7 27. Qa3 Nd6 28. Nc3 Kg7 29. Nb5 Nxb5 30. cxb5 fxe4 31. Bxe4 Rd6 32. Qc3 Bf4 33. a4 Qg5 34. Kh1 Rh8 35. Rg1 Bg3 36. Qd2 Bf4 37. Qe1 Qf6 38. a5 g5 39. axb6 axb6 40. Ra1 1/2-1/2

[Event "Jurmala Termo Eko Cup 12th"]
[Site "Jurmala"]
[Date "2018.02.15"]
[Round "2"]
[White "Dzjuba, Vsevolod"]
[Black "Meskovs, Nikita"]
[Result "0-1"]
[WhiteElo "2272"]
[BlackElo "2546"]
[PlyCount "110"]
[EventDate "2018.02.14"]
[EventType "swiss"]
[EventRounds "7"]
[EventCountry "LAT"]
[SourceTitle "CBM 182 Extra"]
[Source "ChessBase"]
[SourceDate "2018.02.23"]
[SourceVersion "1"]
[SourceVersionDate "2018.02.23"]
[SourceQuality "1"]

1. e4 c5 2. Nf3 e6 3. d4 cxd4 4. Nxd4 a6 5. Nc3 Qc7 6. g3 Bb4 7. Nde2 Nf6 8. Bg2 Be7 9. 0-0 Nc6 10. a4 0-0 11. Nf4 Rb8 12. Re1 d6 13. g4 h6 14. h4 Nh7 15. g5 hxg5 16. hxg5 Bxg5 17. Ra3 Nb4 18. Nce2 e5 19. c3 Nc6 20. Nd5 Qd8 21. c4 Bxc1 22. Qxc1 Nf6 23. Rg3 Nxd5 24. cxd5 Ne7 25. Bf3 Ng6 26. Bh5 Qh4 27. Bxg6 fxg6 28. Qc7 Bg4 29. Qxd6 Bh5 30. Qe6+ Kh7 31. Qh3 Qxe4 32. Qg2 Rf3 33. Rxf3 Bxf3 34. Qh3+ Bh5 35. Qg2 Qb4 36. Nc3 Rf8 37. Rxe5 Qxb2 38. Re3 Rf4 39. Ne4 Qc1+ 40. Kh2 Rh4+ 41. Rh3 Qf4+ 42. Ng3 Rxh3+ 43. Qxh3 Qxf2+ 44. Qg2 Qf4 45. Qe4 Qd2+ 46. Kh3 Bd1 47. Qe6 Bb3 48. Ne4 Qxd5 49. Qe7 Qe6+ 50. Qxe6 Bxe6+ 51. Kg3 Kh6 52. a5 g5 53. Nd6 Bd5 54. Nf5+ Kh7 55. Ne3 Be6 0-1

[Event "Olaine rapid op"]
[Site "Olaine"]
[Date "2017.11.26"]
[Round "3"]
[White "Miezis, Normunds"]
[Black "Dzjuba, Vsevolod"]
[Result "1/2-1/2"]
[WhiteElo "2426"]
[BlackElo "2254"]
[PlyCount "78"]
[EventDate "2017.11.26"]
[EventType "swiss (rapid)"]
[EventRounds "9"]
[EventCountry "LAT"]
[SourceTitle "CBM 181 Extra"]
[Source "ChessBase"]
[SourceDate "2017.12.12"]
[SourceVersion "1"]
[SourceVersionDate "2017.12.12"]
[SourceQuality "1"]

1. c4 Nf6 2. Nc3 g6 3. g3 Bg7 4. Bg2 0-0 5. e4 d6 6. Nge2 c5 7. a3 Nc6 8. Rb1 a5 9. d3 Ne8 10. 0-0 Nc7 11. Nd5 Nxd5 12. exd5 Nd4 13. Nxd4 Bxd4 14. Bh6 Re8 15. Kh1 Rb8 16. b4 axb4 17. axb4 Ra8 18. bxc5 dxc5 19. Be3 Ra2 20. Bxd4 cxd4 21. c5 Qc7 22. Rc1 Bf5 23. g4 Bd7 24. Qf3 Ra5 25. c6 bxc6 26. dxc6 Be6 27. Qg3 Rc8 28. f4 Bd5 29. Bxd5 Rxd5 30. Rc4 Rd6 31. Rfc1 Qa5 32. Qf3 Rc7 33. Qe4 Qd5 34. Qxd5 Rxd5 35. Kg2 f5 36. gxf5 gxf5 37. Rc5 Rxc5 38. Rxc5 e6 39. Rc4 Kf7 1/2-1/2

[Event "LAT-chT"]
[Site "Riga"]
[Date "2017.11.20"]
[Round "6.4"]
[White "Dzjuba, Vsevolod"]
[Black "Krivonosov, Oleg"]
[Result "0-1"]
[WhiteElo "2254"]
[BlackElo "2410"]
[PlyCount "34"]
[EventDate "2017.11.17"]
[EventType "team-swiss"]
[EventRounds "7"]
[EventCountry "LAT"]
[SourceTitle "CBM 181 Extra"]
[Source "ChessBase"]
[SourceDate "2017.12.12"]
[SourceVersion "1"]
[SourceVersionDate "2017.12.12"]
[SourceQuality "1"]
[WhiteTeam "Istra A/RSF"]
[BlackTeam "The Royal Biograph"]
[WhiteTeamCountry "LAT"]
[BlackTeamCountry "LAT"]

1. e4 e5 2. Nf3 Nc6 3. Bb5 Nf6 4. 0-0 Nxe4 5. d4 Nd6 6. Bxc6 dxc6 7. dxe5 Nf5 8. Qxd8+ Kxd8 9. Nc3 Ke8 10. h3 h5 11. Ne2 Be7 12. Bg5 Be6 13. Nf4 Bd5 14. Nxd5 cxd5 15. Rad1 c6 16. Rd3 f6 17. exf6 gxf6 0-1

[Event "LAT-ch"]
[Site "Riga"]
[Date "2017.05.06"]
[Round "9"]
[White "Dzjuba, Vsevolod"]
[Black "Avotins, Maigonis"]
[Result "1-0"]
[WhiteElo "2269"]
[BlackElo "1972"]
[PlyCount "47"]
[EventDate "2017.04.30"]
[EventType "swiss"]
[EventRounds "9"]
[EventCountry "LAT"]
[SourceTitle "CBM 178 Extra"]
[Source "ChessBase"]
[SourceDate "2017.06.22"]
[SourceVersion "1"]
[SourceVersionDate "2017.06.22"]
[SourceQuality "1"]

1. e4 c5 2. Nf3 Nc6 3. d4 cxd4 4. Nxd4 g6 5. Be3 Bg7 6. Nc3 Nf6 7. Bc4 0-0 8. Bb3 Ng4 9. Qxg4 Nxd4 10. Qd1 Nxb3 11. axb3 b6 12. Bd4 Bb7 13. h4 e5 14. Be3 f5 15. f3 fxe4 16. fxe4 Qf6 17. Qd2 Rac8 18. 0-0-0 b5 19. Qxd7 Bc6 20. Qd6 Qf7 21. Nd5 Rfd8 22. Ne7+ Kf8 23. Qa3 Rxd1+ 24. Rxd1 1-0

[Event "LAT-ch"]
[Site "Riga"]
[Date "2017.05.04"]
[Round "7"]
[White "Dzjuba, Vsevolod"]
[Black "Semjonovs, Ilja"]
[Result "0-1"]
[WhiteElo "2269"]
[BlackElo "2122"]
[PlyCount "62"]
[EventDate "2017.04.30"]
[EventType "swiss"]
[EventRounds "9"]
[EventCountry "LAT"]
[SourceTitle "CBM 178 Extra"]
[Source "ChessBase"]
[SourceDate "2017.06.22"]
[SourceVersion "1"]
[SourceVersionDate "2017.06.22"]
[SourceQuality "1"]

1. e4 c5 2. Nf3 d6 3. d4 cxd4 4. Nxd4 Nf6 5. Nc3 a6 6. h3 e5 7. Nb3 h5 8. Be3 Be6 9. Qf3 Nbd7 10. 0-0-0 Rc8 11. Nd5 Bxd5 12. exd5 Qc7 13. Bd3 a5 14. a4 Be7 15. c3 e4 16. Bxe4 Qc4 17. Bc2 Qxa4 18. Qe2 Qa2 19. Nd4 Qa1+ 20. Bb1 0-0 21. Nf5 Rfe8 22. Bd4 Bf8 23. Qd2 g6 24. Nh6+ Bxh6 25. Qxh6 Re2 26. Rd2 Rxd2 27. Qxd2 a4 28. Re1 Nc5 29. Bxc5 Rxc5 30. Qd4 a3 31. bxa3 Rxc3+ 0-1

[Event "LAT-ch"]
[Site "Riga"]
[Date "2017.05.03"]
[Round "5"]
[White "Dzjuba, Vsevolod"]
[Black "Osis, Reinars"]
[Result "1/2-1/2"]
[WhiteElo "2269"]
[BlackElo "2161"]
[PlyCount "98"]
[EventDate "2017.04.30"]
[EventType "swiss"]
[EventRounds "9"]
[EventCountry "LAT"]
[SourceTitle "CBM 178 Extra"]
[Source "ChessBase"]
[SourceDate "2017.06.22"]
[SourceVersion "1"]
[SourceVersionDate "2017.06.22"]
[SourceQuality "1"]

1. e4 c5 2. Nf3 Nc6 3. d4 cxd4 4. Nxd4 g6 5. Be3 Nf6 6. Nc3 Bg7 7. Bc4 Qa5 8. 0-0 d6 9. Nb3 Qd8 10. h3 Bd7 11. f4 Rc8 12. e5 dxe5 13. Bxf7+ Kxf7 14. fxe5 Be6 15. exf6 Qxd1 16. Raxd1 Bxf6 17. Nc5 b6 18. N5e4 Kg7 19. Nxf6 exf6 20. Ne4 Rcd8 21. b3 Rxd1 22. Rxd1 Rd8 23. Nd6 g5 24. c4 Kg6 25. c5 bxc5 26. Bxc5 a6 27. b4 Ne5 28. a4 Bb3 29. Ra1 Nf7 30. Ne4 Rd1+ 31. Rxd1 Bxd1 32. b5 axb5 33. a5 b4 34. a6 Ba4 35. Bxb4 Bc6 36. Nc5 Nd6 37. Ne6 Nb5 38. Bc5 Kf5 39. Nd8 Bd5 40. Kf2 h5 41. g3 Ke5 42. a7 Nc7 43. Ke3 f5 44. Bd4+ Kd6 45. Bf6 f4+ 46. gxf4 gxf4+ 47. Kxf4 Ne6+ 48. Nxe6 Kxe6 49. Bd4 Kd7 1/2-1/2

[Event "LAT-ch"]
[Site "Riga"]
[Date "2017.05.01"]
[Round "3"]
[White "Dzjuba, Vsevolod"]
[Black "Starostits, Ilmars"]
[Result "1/2-1/2"]
[WhiteElo "2269"]
[BlackElo "2409"]
[PlyCount "50"]
[EventDate "2017.04.30"]
[EventType "swiss"]
[EventRounds "9"]
[EventCountry "LAT"]
[SourceTitle "CBM 178 Extra"]
[Source "ChessBase"]
[SourceDate "2017.06.22"]
[SourceVersion "1"]
[SourceVersionDate "2017.06.22"]
[SourceQuality "1"]

1. e4 c6 2. d4 d5 3. Nc3 dxe4 4. Nxe4 Bf5 5. Ng3 Bg6 6. h4 h6 7. Nf3 Nd7 8. h5 Bh7 9. Bd3 Bxd3 10. Qxd3 Ngf6 11. Bd2 e6 12. 0-0-0 Be7 13. Kb1 0-0 14. Ne4 Nxe4 15. Qxe4 Nf6 16. Qe2 Qd5 17. Be3 Ng4 18. Bc1 Rad8 19. Ne5 Nxe5 20. dxe5 Qb5 21. Qxb5 cxb5 22. c3 Bc5 23. f3 Bb6 24. Kc2 f6 25. Rxd8 Bxd8 1/2-1/2

[Event "Birstonas op"]
[Site "Birstonas"]
[Date "2002.08.25"]
[Round "9"]
[White "Frey Beckman, Kenneth"]
[Black "Dzjuba, Vsevolod"]
[Result "1-0"]
[WhiteElo "2400"]
[BlackElo "2283"]
[PlyCount "81"]
[EventDate "2002.08.17"]
[EventType "swiss"]
[EventRounds "9"]
[EventCountry "LTU"]
[SourceTitle "CBM 089 Extra"]
[Source "ChessBase"]
[SourceDate "2002.09.10"]
[SourceVersion "2"]
[SourceVersionDate "2002.09.10"]
[SourceQuality "1"]

1. d4 Nf6 2. c4 g6 3. Nc3 Bg7 4. e4 d6 5. Nf3 0-0 6. Be2 e5 7. Be3 Ng4 8. Bg5 f6 9. Bh4 Nc6 10. d5 Ne7 11. Nd2 Nh6 12. f3 g5 13. Bf2 f5 14. c5 Ng6 15. cxd6 cxd6 16. g3 g4 17. fxg4 Nxg4 18. Bxg4 fxg4 19. Nc4 Bh6 20. 0-0 Nh8 21. Be3 Bxe3+ 22. Nxe3 Rxf1+ 23. Qxf1 Nf7 24. Qe2 Qg5 25. Nb5 Bd7 26. Nc7 Rf8 27. Ne6 Bxe6 28. dxe6 Nd8 29. Rd1 Nxe6 30. Rxd6 Rf3 31. Nf5 Qc1+ 32. Kg2 Kf7 33. Rd1 Qc6 34. Nh6+ Kg7 35. Nxg4 Rf4 36. Rd5 h5 37. Nxe5 Qa4 38. Nc4 b5 39. b3 Qb4 40. Qxh5 bxc4 41. Rd7+ 1-0

[Event "Birstonas op"]
[Site "Birstonas"]
[Date "2002.08.23"]
[Round "7"]
[White "Sakalauskas, Vaidas"]
[Black "Dzjuba, Vsevolod"]
[Result "1-0"]
[WhiteElo "2418"]
[BlackElo "2283"]
[PlyCount "87"]
[EventDate "2002.08.17"]
[EventType "swiss"]
[EventRounds "9"]
[EventCountry "LTU"]
[SourceTitle "CBM 089 Extra"]
[Source "ChessBase"]
[SourceDate "2002.09.10"]
[SourceVersion "2"]
[SourceVersionDate "2002.09.10"]
[SourceQuality "1"]

1. d4 Nf6 2. c4 g6 3. Nc3 Bg7 4. e4 d6 5. Be2 0-0 6. Bg5 Na6 7. Nf3 Qe8 8. 0-0 e5 9. Bxf6 Bxf6 10. c5 Nb8 11. cxd6 cxd6 12. Nb5 Qe7 13. Rc1 Na6 14. dxe5 dxe5 15. Qd6 Bg4 16. Qxe7 Bxe7 17. Nc7 Rab8 18. Nxa6 bxa6 19. b3 Bxf3 20. gxf3 Bd8 21. Bxa6 Bb6 22. Rfd1 Rfd8 23. Rd5 Rxd5 24. exd5 Rd8 25. Bb7 Kf8 26. b4 Rb8 27. Bc6 Ke7 28. Rc4 g5 29. a4 Kd6 30. a5 Bd4 31. b5 f5 32. Kf1 Bc5 33. Ke2 h6 34. h4 Bd4 35. hxg5 hxg5 36. Rc1 Rh8 37. Bb7 Rh2 38. Rc6+ Kd7 39. d6 Rxf2+ 40. Kd1 Rxf3 41. Bc8+ Kd8 42. Be6 Rc3 43. Rxc3 Bxc3 44. b6 1-0